Chronic Fatique Syndrome Your Route to Recover (Record no. 2208)

MARC details
000 -LEADER
fixed length control field 00339nam a22001337a 4500
008 - FIXED-LENGTH DATA ELEMENTS--GENERAL INFORMATION
fixed length control field 250310b |||||||| |||| 00| 0 eng d
020 ## - INTERNATIONAL STANDARD BOOK NUMBER
ISBN 9781529376555
100 ## - MAIN ENTRY--AUTHOR
Author Windas Lauren
245 ## - TITLE STATEMENT
Title Chronic Fatique Syndrome Your Route to Recover
260 ## - PUBLICATION, DISTRIBUTION, ETC. (IMPRINT)
Place of publication London
Name of publisher Yellow Rite
Date of publication 2023
300 ## - COLLATION
Pagination 327p
942 ## - ADDED ENTRY ELEMENTS (KOHA)
Item type Books
050 ## - LIBRARY OF CONGRESS CALL NUMBER
Classification number RB150
Item number .F37
Holdings
Source of classification or shelving scheme Not for loan Permanent location Current location Date acquired Accession No. Full call number Barcode. Koha item type
Library of Congress Classification   Samuel Ogbemudia Main Library, University of Abuja Samuel Ogbemudia Main Library, University of Abuja 03/10/2025 2024/63633 RB150.F37 2025-0448 Books